• 首页
  • 本馆介绍
  • 公告通知
  • 最新文献
  • 馆藏检索
  • 电子资源
  • 读者导购
  • 参考咨询
  • 我的图书馆
  • 登录
  • 详细信息显示
  • 放入我的书架
  • 预约/预借图书
  • 作者相关作品
  • 分类相关作品
  • 丛书相关作品
  • 出版社相关作品

书目信息

  • 表格格式
  • 工作单格式
  • 卡片格式
题名:
常微分方程与无穷级数
    
 
作者: ;北京大学数学力学系高等数学教材编写组 编
分册:  
出版信息: 北京   人民教育出版社  1978
页数: 223页
开本: 20cm
丛书名:
单 册:
中图分类: O173
科图分类:
主题词: 级数--高等学校--教材 , 常微分方程--高等学校--教材
电子资源:
ISBN:
000 00881nam0 2200253 45
001 0178005848
005 20070719092141.82
010    @dCNY0.53
091    @a13012.0161
100    @a19950725d1978 em y0chiy0121 ea
101 0  @achi
102    @aCN@b110000
105    @ay z 000yy
200 10 @a常微分方程与无穷级数@Achang wei fen fang cheng yu wu qiong ji shu@f北京大学数学力学系高等数学教材编写组编@Fbei jing da xue shu xue li xue xi gao deng shu xue jiao cai bian xie zu bian
210    @a北京@c人民教育出版社@d1978
215    @a223页@d20cm
300    @a高等学校试用教材
606    @a级数@x高等学校@x教材
606    @a常微分方程@x高等学校@x教材
610 0  @a无穷级数
690    @aO173@v3
711 02 @a北京大学数学力学系高等数学教材编写组@Abei jing da xue shu xue li xue xi gao deng shu xue jiao cai bian xie zu@4编
801  0 @aCN@bNLC@c20070719
905    @dO173@e4
    
    常微分方程与无穷级数/北京大学数学力学系高等数学教材编写组编.-北京:人民教育出版社,1978
    223页;20cm
    高等学校试用教材
    
    ISBN :CNY0.53
    
●
相关链接 在E读中查询图书 在五车中查询图书 在当当中查询图书 在豆瓣中查询图书


正题名:常微分方程与无穷级数     索取号:O173/4         预约/预借

序号 登录号 条形码 馆藏地/架位号 状态 备注
1 0000341   000421001   第二样本阅览室/ [索取号:O173/4] 在馆    
2 0000346   202190020   密集书库/ [索取号:O173/4] 在馆    
3 0000347   202203855   密集书库/ [索取号:O173/4] 在馆    
4 0000349   001943641   密集书库/ [索取号:O173/4] 在馆    
5 0000350   202196211   密集书库/ [索取号:O173/4] 在馆    
6 0000351   202204765   密集书库/ [索取号:O173/4] 在馆    
7 0000353   202196131   密集书库/ [索取号:O173/4] 在馆    
8 0000354   202203775   密集书库/ [索取号:O173/4] 在馆    
9 0000356   000420985   第三借阅区/ [索取号:O173/4] 在馆    
10 0000357   202203819   密集书库/ [索取号:O173/4] 在馆    
11 0000358   000420994   密集书库/ [索取号:O173/4] 在馆    
12 0000359   202203891   密集书库/ [索取号:O173/4] 在馆    
13 0002982   202196177   密集书库/ [索取号:O173/4] 在馆    
14 0002983   000421029   密集书库/ [索取号:O173/4] 在馆    
15 0013703   202307574   密集书库/ [索取号:O173/4] 在馆    
16 0013704   202194865   密集书库/ [索取号:O173/4] 在馆    
17 0013705   202194419   密集书库/ [索取号:O173/4] 在馆    
18 0013706   202194703   密集书库/ [索取号:O173/4] 在馆    
19 0013707   202307538   密集书库/ [索取号:O173/4] 在馆    
20 0013708   202307609   密集书库/ [索取号:O173/4] 在馆    
21 0013709   202307388   密集书库/ [索取号:O173/4] 在馆    
22 0013710   202307495   密集书库/ [索取号:O173/4] 在馆    
23 0013711   202307565   密集书库/ [索取号:O173/4] 在馆    
24 0013712   202307397   密集书库/ [索取号:O173/4] 在馆    
25 0013713   202307501   密集书库/ [索取号:O173/4] 在馆    
26 0013714   202316573   密集书库/ [索取号:O173/4] 在馆    
27 0013715   202307468   密集书库/ [索取号:O173/4] 在馆    
28 0013716   202194829   密集书库/ [索取号:O173/4] 在馆    
29 0013718   202194749   密集书库/ [索取号:O173/4] 在馆    
30 0013719   202194785   密集书库/ [索取号:O173/4] 在馆    
31 0013720   202307510   密集书库/ [索取号:O173/4] 在馆    
32 0013721   202307422   密集书库/ [索取号:O173/4] 在馆    
33 0013722   202307477   密集书库/ [索取号:O173/4] 在馆    
34 0014334   202194909   密集书库/ [索取号:O173/4] 在馆    
35 0014336   202316109   密集书库/ [索取号:O173/4] 在馆    
36 0014338   202194669   密集书库/ [索取号:O173/4] 在馆    
37 0014339   202251017   密集书库/ [索取号:O173/4] 在馆    
38 0014340   202194455   密集书库/ [索取号:O173/4] 在馆    
39 0014341   202307431   密集书库/ [索取号:O173/4] 在馆    
40 0461527   204615274   密集书库/ [索取号:O173/4] 在馆    
41 0767370   207673702   密集书库/ [索取号:O173/4] 在馆    
唐山师范学院图书馆 欢迎您!
大连网信软件有限公司© 版权所有